Real-world machine learning (Record no. 310563)

MARC details
000 -LEADER
fixed length control field 00434 a2200169 4500
005 - DATE & TIME
control field 20240304160414.0
008 - FIXED-LENGTH DATA ELEMENTS--GENERAL INFORMATION
fixed length control field 240301b |||||||| |||| 00| 0 eng d
020 ## - ISBN
International Standard Book Number 9789356092310
Price Rs. 695.00
040 ## - CATALOGING SOURCE
Original cataloging agency VIVEKANANDA LIBRARY
082 ## - DDC NUMBER
Classification number 006.31
Book Number V197R
100 ## - MAIN ENTRY--PERSONAL NAME
Personal name Vaishya, Harimohan
245 ## - TITLE STATEMENT
Title Real-world machine learning
260 ## - PUBLICATION, DISTRIBUTION, ETC. (IMPRINT)
Name of publisher, distributor, etc Arihant Books
Date of publication, distribution, etc 2023
Place of publication, distribution, etc New Delhi
300 ## - PHYSICAL DESCRIPTION
Pages vi, 248
650 ## - Subject
Subject Machine Learning
942 ## - ADDED ENTRY ELEMENTS (KOHA)
Koha item type Books
Holdings
Withdrawn status Lost status Source of classification or shelving scheme Damaged status Not for loan Location (home branch) Sublocation or collection (holding branch) Date acquired Koha issues (times borrowed) Koha full call number Accession No. Koha date last seen Koha item type
    Dewey Decimal Classification     VIVEKANANDA LIBRARY VIVEKANANDA LIBRARY 15/02/2024   006.31 V197R 409226 15/02/2024 Books
© Designed and Maintained by Vivekananda Library, MDU Rohtak